|
|
|
|
| LEADER |
00000nas a2200000 a 4500 |
| 001 |
ssj0017075 |
| 003 |
WaSeSS |
| 005 |
20200512172242.0 |
| 006 |
m d |
| 007 |
cr n |
| 008 |
980410c19889999nyumr pss 0 a0eng c |
| 010 |
|
|
|a 2003233152
|
| 016 |
7 |
|
|a 1500490-9
|2 DE-600
|
| 022 |
|
|
|a 1878-5921
|l 0895-4356
|y 0895-4356
|
| 035 |
|
|
|a (WaSeSS)ssj0017075
|
| 040 |
|
|
|a OH1
|b eng
|c OH1
|d OCL
|d OCLCQ
|d GUA
|d OCLCQ
|d CLU
|d U9S
|d GUA
|d OCLCQ
|d TEF
|d OCLCQ
|d OPELS
|d OCLCF
|d OCLCO
|d VT2
|d OCLCQ
|d OCLCO
|d OCLCQ
|d TSC
|d BUF
|d U3W
|d EZC
|d FQM
|d AU@
|d OCLCO
|d WYU
|d TKN
|d OCLCO
|d OCLCA
|d LEAUB
|d OCLCO
|d OCLCA
|d WaSeSS
|
| 042 |
|
|
|a pcc
|
| 050 |
1 |
4 |
|a RB156
|
| 060 |
|
4 |
|a W1
|
| 082 |
0 |
4 |
|a 616
|
| 130 |
0 |
|
|a Journal of clinical epidemiology (Online)
|
| 210 |
0 |
|
|a J. clin. epidemiol.
|b (Online)
|
| 222 |
|
0 |
|a Journal of clinical epidemiology
|b (Online)
|
| 245 |
1 |
0 |
|a Journal of clinical epidemiology
|h [electronic resource].
|
| 246 |
1 |
|
|i PDF of running title for Oct. 2003-:
|a Journal of clinical epidemiology including pharmacoepidemiology reports
|
| 246 |
1 |
3 |
|a JCE
|f <2008->
|
| 260 |
|
|
|a [New York, NY] :
|b Elsevier Science Ltd.
|
| 310 |
|
|
|a Monthly
|
| 362 |
1 |
|
|a Print began with vol. 41, no. 1 (1988).
|
| 506 |
|
|
|a License restrictions may limit access.
|
| 521 |
|
|
|a "Epidemiologists, physicians, biostatisticians, pharmacologists."
|
| 550 |
|
|
|a Official journal of the International Clinical Epidemiology Network, <2008->
|
| 588 |
|
|
|a Description based on: Vol. 48, issue 1 (Jan. 1995); title from contents screen (ScienceDirect, viewed Oct. 17, 2003).
|
| 588 |
|
|
|a Latest issue consulted: Vol. 61, Issue 4 (Apr. 2008) (viewed Mar. 26, 2008).
|
| 650 |
|
0 |
|a Chronic diseases
|v Periodicals.
|
| 650 |
|
0 |
|a Epidemiology
|v Periodicals.
|
| 650 |
|
6 |
|a Maladies chroniques
|x Périodiques.
|
| 650 |
|
6 |
|a Épidémiologie
|v Périodiques.
|
| 650 |
|
7 |
|a Chronic diseases.
|2 fast
|0 (OCoLC)fst00860072
|
| 650 |
|
7 |
|a Epidemiology.
|2 fast
|0 (OCoLC)fst00914091
|
| 650 |
1 |
2 |
|a Epidemiology
|v Periodicals.
|
| 650 |
1 |
2 |
|a Epidemiology.
|
| 650 |
|
2 |
|a Epidemiology
|v periodicals.
|
| 655 |
|
0 |
|a Electronic journals.
|
| 710 |
2 |
|
|a INCLEN, Inc.
|
| 776 |
0 |
8 |
|i Print version:
|t Journal of clinical epidemiology
|x 0895-4356
|w (DLC) 88640924
|w (OCoLC)16638324
|
| 780 |
0 |
0 |
|t Journal of chronic diseases (Online)
|x 1878-0679
|w (OCoLC)60637692
|
| 856 |
4 |
0 |
|z Full text available from Research Library: 01/01/2003 to 2 months ago
|u https://search.proquest.com/publication/105585
|